000 00312nam a22001337a 4500
020 _a817826320-3
082 _a823
_bGRI/E
100 _aBROTHERS GRIMM
245 _aTHE ELVES AND THE SHOEMAKER
260 _aDELHI
_bROHAN BOOK COMPANY
_c2003
300 _a213
650 _aMODERN ILLUSTRATED CLASSICS
942 _cBK
999 _c374
_d374